000 00649nam a2200229Ia 4500
003 OSt
005 20220918212457.0
006 a|||||r|||| 00| 0
007 ta
008 220917b |||||||| |||| 00| 0 eng d
024 _a129,007
037 _cTextual
040 _aARTS
_cARTS
_beng
041 _2eng
_aeng
082 _aX:3224:g, M0.1
100 _aCecil Andrew R
_9123946
245 0 _aThird way
_b enlightened capitalism and the search for a new social order
260 _aUSA
_bUniv of Texas at Dallas
_c1980
650 _aECONOMICS
942 _hX:3224:g, M0.1
_cTEXL
_2CC
999 _c252141
_d252141